the last great american dynasty by taylor swift - Statistics

General Stats
  • This quiz has been taken 186 times
  • The average score is 274 of 329
Answer Stats
Answer % Correct
a
99%
A
99%
the
98%
The
98%
I
97%
to
95%
American
94%
dynasty
94%
goes
94%
great
94%
last
94%
up
94%
ever
93%
it
93%
it?
93%
It
93%
she
93%
She
93%
There
93%
Who
93%
by
92%
Her
92%
her
92%
on
92%
was
92%
what
92%
and
91%
And
91%
has
91%
seen
91%
They
91%
they
91%
town
91%
women
91%
been
90%
if
90%
knows
90%
time
90%
woman
90%
had
89%
me
89%
this
89%
do
88%
everything
88%
ruining
88%
house
87%
House
87%
is
87%
never
87%
St.
87%
could've
85%
his
85%
marvelous
85%
sunny
85%
Rhode
84%
said
84%
men
83%
showed
83%
afternoon
82%
in
82%
then
82%
train
82%
with
82%
bought
81%
dog
80%
green
80%
Holiday
80%
Island
80%
of
80%
lime
79%
money
79%
out
78%
rode
78%
dyed
77%
have
77%
loud
77%
stole
77%
called
76%
gave
76%
How
76%
little
76%
Rebekah
76%
say
76%
Their
76%
their
76%
did
75%
key
75%
Louis
75%
occasion
75%
set
75%
bad
74%
heart
74%
Free
73%
habits
73%
him
73%
must
73%
down
72%
long
72%
so
72%
beach
71%
doctor
71%
fault
71%
feud
71%
maddest
71%
name
71%
new
71%
that
71%
years
71%
divorcée
70%
Fifty
70%
home
70%
middle-class
70%
neighbor
70%
settle
70%
wedding
70%
sat
69%
told
69%
far
68%
madness
68%
were
68%
loudest
67%
big
66%
charming
66%
heir
66%
mind
66%
off
66%
Oil
66%
parties
66%
quietly
66%
tasteful
66%
took
66%
ballet
65%
champagne
65%
only
65%
forever
64%
from
64%
most
64%
at
63%
pool
63%
all
62%
Bill
62%
city
62%
midnight
62%
picked
62%
Standard
62%
friends
61%
There's
61%
boys
60%
Filled
60%
rocks
60%
sea
60%
coast
58%
names
58%
shameless
57%
staring
57%
swam
57%
Bitch
55%
Pack
55%
bets
54%
Flew
54%
gauche
54%
Pacing
54%
card
53%
game
52%
blew
50%
saltbox
50%
losing
47%
through
45%
Dalí
42%
No matching quizzes found
Score Distribution
Percent of People with Each Score
Percentile by Number Answered
Your Score History
You have not taken this quiz